000 00539nmm a2200169Ia 4500
008 251105s9999||||xx |||||||||||||||||und||
020 _a8474858747
041 _aspa
100 _aFernando Vidal Fernández, Luis M.ª Armendáriz (S.J.), Andrés Torres Queiruga
245 0 _aEscatología
264 _a[Madrid, España] :
_bUniversidad de Deusto,
_c2003
300 _a96 páginas
490 _aAzul - Cuadernos de Teología Deusto
650 _aReligion(s)
856 _uhttps://public.digitaliapublishing.com/a/15510
942 _cCF
999 _c73294
_d73294